<?xml version="1.0" encoding="UTF-8"?><?xml-stylesheet type="text/xsl" href="static/style.xsl"?><OAI-PMH xmlns="http://www.openarchives.org/OAI/2.0/" xmlns:xsi="http://www.w3.org/2001/XMLSchema-instance" xsi:schemaLocation="http://www.openarchives.org/OAI/2.0/ http://www.openarchives.org/OAI/2.0/OAI-PMH.xsd"><responseDate>2026-04-17T01:53:00Z</responseDate><request verb="GetRecord" identifier="oai:www.recercat.cat:2117/423438" metadataPrefix="marc">https://recercat.cat/oai/request</request><GetRecord><record><header><identifier>oai:recercat.cat:2117/423438</identifier><datestamp>2025-07-22T16:07:30Z</datestamp><setSpec>com_2072_1033</setSpec><setSpec>col_2072_452951</setSpec></header><metadata><record xmlns="http://www.loc.gov/MARC21/slim" xmlns:dcterms="http://purl.org/dc/terms/" xmlns:xsi="http://www.w3.org/2001/XMLSchema-instance" xmlns:doc="http://www.lyncode.com/xoai" xsi:schemaLocation="http://www.loc.gov/MARC21/slim http://www.loc.gov/standards/marcxml/schema/MARC21slim.xsd">
   <leader>00925njm 22002777a 4500</leader>
   <datafield ind2=" " ind1=" " tag="042">
      <subfield code="a">dc</subfield>
   </datafield>
   <datafield ind2=" " ind1=" " tag="720">
      <subfield code="a">Vives Batalla, Albert</subfield>
      <subfield code="e">author</subfield>
   </datafield>
   <datafield ind2=" " ind1=" " tag="260">
      <subfield code="c">2025-01-22</subfield>
   </datafield>
   <datafield ind2=" " ind1=" " tag="520">
      <subfield code="a">Aquesta tesi explora el problema de generar arbres generadors uniformes, que són estructures essencials en combinatòria i probabilitat amb aplicacions en teoria de xarxes i física. Utilitzant processos de Bienaymé–Galton–Watson (BGW), proposa una metodologia innovadora per generar arbres generadors de manera uniforme. Mitjançant demostracions rigoroses, mostra que condicionar aquests models estocàstics al nombre de vèrtexs produeix arbres generadors distribuïts uniformement. A més d’explorar propietats estructurals com l’alçada, l’amplada i la distribució de fulles, la tesi proporciona límits inferiors precisos per a l’alçada i l’amplada dels arbres, avalats per demostracions rigoroses. Aquests resultats no només enriqueixen la comprensió teòrica i pràctica dels arbres generadors uniformes, sinó que també connecten els processos estocàstics amb aplicacions combinatòries, oferint noves perspectives i eines per a la generació d’arbres generadors.</subfield>
   </datafield>
   <datafield ind2=" " ind1=" " tag="520">
      <subfield code="a">Esta tesis explora el problema de generar árboles generadores uniformes, que son estructuras esenciales en combinatoria y probabilidad con aplicaciones en teoría de redes y física. Utilizando procesos de Bienaymé–Galton–Watson (BGW), propone una metodología novedosa para generar árboles generadores de manera uniforme. Mediante pruebas rigurosas, demuestra que condicionar estos modelos estocásticos al número de vértices produce árboles generadores distribuidos uniformemente. Además de explorar propiedades estructurales como la altura, la anchura y la distribución de hojas, la tesis proporciona límites inferiores precisos para la altura y la anchura de los árboles, respaldados por demostraciones rigurosas. Estos hallazgos no solo enriquecen la comprensión teórica y práctica de los árboles generadores uniformes, sino que también conectan los procesos estocásticos con aplicaciones combinatorias, ofreciendo nuevas perspectivas y herramientas para la generación de árboles generadores.</subfield>
   </datafield>
   <datafield ind2=" " ind1=" " tag="520">
      <subfield code="a">This thesis explores the problem of generating uniform spanning trees (USTs), which are essential structures in combinatorics and probability with applications in network theory and physics. Using conditioned Bienaymé–Galton–Watson (BGW) processes, it proposes a novel methodology to generate USTs uniformly.&#xd;
Through rigorous proofs, it shows that conditioning these stochastic models on the number of vertices produces uniformly distributed spanning trees. In addition to exploring structural properties such as height, width, and leaf distribution, the thesis provides sharp lower bounds for the height and width of the trees, supported by rigorous proofs. These findings not only enrich the theoretical and practical understanding of USTs but also bridge stochastic processes with combinatorial applications, offering new insights and tools for spanning tree generation.</subfield>
   </datafield>
   <datafield tag="653" ind2=" " ind1=" ">
      <subfield code="a">Àrees temàtiques de la UPC::Matemàtiques i estadística</subfield>
   </datafield>
   <datafield tag="653" ind2=" " ind1=" ">
      <subfield code="a">Graph theory</subfield>
   </datafield>
   <datafield tag="653" ind2=" " ind1=" ">
      <subfield code="a">Stochastic processes</subfield>
   </datafield>
   <datafield tag="653" ind2=" " ind1=" ">
      <subfield code="a">Random Trees</subfield>
   </datafield>
   <datafield tag="653" ind2=" " ind1=" ">
      <subfield code="a">Bienaymé-Galton-Watson trees</subfield>
   </datafield>
   <datafield tag="653" ind2=" " ind1=" ">
      <subfield code="a">Grafs, Teoria de</subfield>
   </datafield>
   <datafield tag="653" ind2=" " ind1=" ">
      <subfield code="a">Processos estocàstics</subfield>
   </datafield>
   <datafield tag="653" ind2=" " ind1=" ">
      <subfield code="a">Classificació AMS::05 Combinatorics::05C Graph theory</subfield>
   </datafield>
   <datafield tag="653" ind2=" " ind1=" ">
      <subfield code="a">Classificació AMS::60 Probability theory and stochastic processes::60J Markov processes</subfield>
   </datafield>
   <datafield ind2="0" ind1="0" tag="245">
      <subfield code="a">Generating Uniform Spanning Trees from conditioned Bienaymé-Galton-Watson trees</subfield>
   </datafield>
</record></metadata></record></GetRecord></OAI-PMH>